An introduction to stochastic differential equations

Saved in:
Bibliographic Details
Main Author: Evans, Lawrence C. 1949-
Format: Book
Language:English
Published: Providence, R.I. : American Mathematical Society, c2013.
Subjects:
Tags: Add Tag
No Tags, Be the first to tag this record!

MARC

LEADER 00000nam a2200000 a 4500
001 1/108109
008 150825t2013####riu| ||| |||| ||eng||
020 |a 9781470410544 
040 |a GR-MyUa  |b gre  |c GR-MyUa  |e AACR2 
041 0 |a eng 
082 7 |a 519.2   |2 (23)  
100 1 |a Evans, Lawrence C.  |d 1949- 
245 1 0 |a An introduction to stochastic differential equations /   |c Lawrence C. Evans.  
260 |a Providence, R.I. :   |b American Mathematical Society,   |c c2013.  
300 |a viii, 151 σ. :   |b σχέδια ;   |c 26 εκ.  
504 |a Βιβλιογραφία: σ. 147-148. Ευρετήριο.  
650 0 |a Stochastic differential equations. 
852 |a INST  |b SAMOS  |e 20150825  |h 519.2 EVA  |p 005300042560  |q 005300042560  |t BK  |y 0 
922 |a 3ΕΛΗ  |b 201504  |c Τμήμα Μαθηματικών  |d Διαδρομές 
970 |a Κοσιέρης  |b Χρήστος  |z 25-08-2015